Catalog

Record Details

Catalog Search



The golden poo / story by Park Song-eui ; art by ... Read More

Pak, Song-i(author, Author, Author).
Kim, Tŏg-yŏng (Comic book artist)(illustrator, Added Author). ... Read More

Available copies

  • 1 of 2 copies available at LARL/NWRL Consortium.

Current holds

0 current holds with 2 total copies.

Show Only Available Copies
Location Call Number / Copy Notes Barcode Shelving Location Status Due Date
Crookston Public Library J G PAK (Text) 33500014206858 Main Available -
Moorhead Public Library J G PAK (Text) 33500014396857 Main Checked out 07/15/2026

Record details

  • ISBN: 9798765627617
  • ISBN: 9798765627686
  • Physical Description: 88 pages color illustrations 24 cm
  • Publisher: Minneapolis, MN : Graphic Universe, [2025]

Content descriptions

Summary, etc.:
"Dr. Egg, Dr. Yang, and Dr. Woong find a ... Read More
Target Audience Note:
Ages 7-10 Graphic Universe.
Grades 2-3 Graphic Universe.
Subject: Animal droppings > Juvenile literature.
Animal droppings > Comic books, strips, etc.
Genre: Comics (Graphic works)
Educational comics.
Graphic novels.
LDR 03512cam a2200577 i 4500
001463671
003LARL_NWRL_CONSORTIUM
00520250521162853.0
008240408s2025 mnuaa j 6 000 0 eng
007t|
010 . ‡a 2024009673
040 . ‡aDLC ‡beng ‡erda ‡cDLC
020 . ‡a9798765627617 ‡qlibrary binding
020 . ‡a9798765627686 ‡qpaperback
020 . ‡z9798765652657 ‡qepub
035 . ‡a(OCoLC)1432446436
0411 . ‡aeng ‡hkor
042 . ‡apcc
08200. ‡a591.47/9 ‡223
1001 . ‡aPak, Song-i ‡eauthor ‡4aut ‡4http://id.loc.gov/vocabulary/relators/aut ‡1http://id.loc.gov/rwo/agents/n2024020600.
24010. ‡aEgŭ Paksa ŭi igŏn nugu ttong!? ‡n1. ‡lEnglish
24514. ‡aThe golden poo / ‡cstory by Park Song-eui ; art by Kim Duck-Young ; consulting by Dr Egg ; consulting by Lee Seung-hyun ; translated by Gloria Ohe.
264 1. ‡aMinneapolis, MN : ‡bGraphic Universe, ‡c[2025]
300 . ‡a88 pages ‡bcolor illustrations ‡c24 cm
334 . ‡asingle unit ‡bmono ‡0http://id.loc.gov/vocabulary/issuance/mono
336 . ‡atext ‡btxt ‡2rdacontent ‡0http://id.loc.gov/vocabulary/contentTypes/txt
336 . ‡astill image ‡bsti ‡2rdacontent ‡0http://id.loc.gov/vocabulary/contentTypes/sti
337 . ‡aunmediated ‡bn ‡2rdamedia ‡0http://id.loc.gov/vocabulary/mediaTypes/n
338 . ‡avolume ‡bnc ‡2rdacarrier ‡0http://id.loc.gov/vocabulary/carriers/nc
340 . ‡pillustrations. ‡0http://id.loc.gov/vocabulary/millus/ill
4900 . ‡aWhose poo is this? ; ‡v1
521 . ‡aAges 7-10 ‡bGraphic Universe.
521 . ‡aGrades 2-3 ‡bGraphic Universe.
520 . ‡a"Dr. Egg, Dr. Yang, and Dr. Woong find a mysterious golden poo in the woods! Can you solve the mystery before they can? Come learn all about living things through the science of poo!"-- Provided by publisher.
650 0. ‡aAnimal droppings ‡vJuvenile literature.
650 0. ‡aAnimal droppings ‡vComic books, strips, etc.
655 7. ‡aComics (Graphic works) ‡2lcgft
655 7. ‡aEducational comics. ‡2lcgft
655 7. ‡aGraphic novels. ‡2lcgft
7001 . ‡aKim, Tŏg-yŏng ‡c(Comic book artist) ‡eillustrator ‡4http://id.loc.gov/vocabulary/relators/ill ‡1http://id.loc.gov/rwo/agents/n2024020613.
7001 . ‡aYi, Sŭng-hyŏn, ‡d1988- ‡eother ‡4http://id.loc.gov/vocabulary/relators/oth ‡1http://id.loc.gov/rwo/agents/n2024020786.
7001 . ‡aOhe, Gloria ‡etranslator ‡4http://id.loc.gov/vocabulary/relators/trl ‡1http://id.loc.gov/rwo/agents/n2024020993.
7102 . ‡aEgŭ Paksa ‡c(Kids' content creator group) ‡eother ‡4http://id.loc.gov/vocabulary/relators/oth ‡1http://id.loc.gov/rwo/agents/n2024020750.
758 . ‡1http://id.loc.gov/resources/instances/23633718
758 . ‡4http://id.loc.gov/ontologies/bibframe/instanceOf ‡1http://id.loc.gov/resources/works/23633718
77608. ‡iOnline version ‡4http://id.loc.gov/entities/relationships/onlineversion ‡aPak, Song-i ‡tThe golden poo ‡dMinneapolis, MN: Graphic Universe, [2024] ‡h1 online resource ‡w(DLC) 2024009674 ‡z9798765652657 ‡z9798765627617 ‡z9798765627686
884 . ‡aDLC bibframe2marc v2.10-dev ‡g20250502 ‡qDLC ‡uhttps://github.com/lcnetdev/bibframe2marc/releases/tag/v2.10-dev
901 . ‡a463671 ‡bAUTOGEN ‡c463671 ‡tbiblio

Additional Resources